Normal view
MARC view
Entry Personal Name
001 - CONTROL NUMBER
- control field: 577657
003 - CONTROL NUMBER IDENTIFIER
- control field:
005 - DATE AND TIME OF LATEST TRANSACTION
- control field: 20210602191421.0
008 - FIXED-LENGTH DATA ELEMENTS
- fixed length control field: 210602|| aca||aabn | a|a d
040 ## - CATALOGING SOURCE
- Original cataloging agency:
- Transcribing agency:
100 ## - HEADING--PERSONAL NAME
- Personal name: রায়, সত্যজিত্
- Dates associated with a name: 1921-1992
670 ## - SOURCE DATA FOUND
- Source citation: Work cat.: (): 880-1 রায়, সত্যজিত্ 1921-1992, শঙ্কু সমগ্র/, 2002
